000 00800nam a2200265Ia 4500
003 OSt
005 20220928130941.0
006 a|||||r|||| 00| 0
007 ta
008 220927b |||||||| |||| 00| 0 eng d
020 _cUSD 99.95
024 _a136547
037 _b61, 28/11/2017, Aviva Books Company
_cTextual
040 _aSDCL
_cSDCL
_beng
041 _2eng
_aeng
082 _aB:(R14), Q7
100 _aMadden Daniel J.
_9476683
245 0 _aIntroduction to proof through real analysis
260 _aHoboken
_bWiley
_c2017
300 _axxiii,417p.
_ccm.
650 _aMathematics
700 _a Aubrey Jason A.
_9476684
942 _hB:(R14), Q7
_cTEXL
_2CC
999 _c789163
_d789163